000 00847nas a2200289 4500
001 BR2014005140
003 BR-BrBNA
005 20231205124404.0
007 ta
008 230509b bl.|||p| |||| 00| 00por d
040 _aBR-BrBNA
_bpor
_cBiblioteca Nacional de Agricultura
041 _a(Pt)
072 _aF02
100 1 _aDiniz, J.D.N.
100 1 _aAlmeida, J.L.
100 1 _aOliveira, A.B. de
100 1 _aVidal, F.R.
245 1 _aMultiplicação e enraizamento in vitro de Minirosa
650 _aROSA
650 _aENRAIZAMENTO
650 _aCULTURA IN VITRO
650 _aMICROPROPAGAÇÃO
650 _aREGULADOR DE CRESCIMENTO
773 0 _tRevista Ciência Agronômica (Brazil)
_xISSN 0045-6888
_g(Jan-Mar 2014), v. 45(1) p. 68-73
_wBR2014005140
909 _a202311
_bLúcia
_c55
_dLúcia Elande
942 _2AGRIS
_n0
_cANA
999 _c238817
_d238817